Statistics for Border This But Not That Country

Click here to take the quiz!

General Stats

  • This quiz has been taken 39 times
  • The average score is 18 of 19

Answer Stats

Borders....Answer...But not% Correct
USACanadaGuatemala
100%
MongoliaChinaEstonia
100%
SwitzerlandFranceAustria
100%
BelgiumNetherlandsLuxembourg
100%
TunisiaAlgeriaEgypt
97%
IndiaBangladeshChina
97%
UruguayBrazilChile
97%
ChilePeruUruguay
97%
NorwayRussiaSweden
97%
VietnamCambodiaMyanmar
94%
ZimbabweZambiaSouth Africa
94%
PanamaCosta RicaEcuador
92%
DjiboutiEritreaKenya
92%
RwandaUgandaBurundi
92%
ThailandMalaysiaLaos
89%
MontenegroAlbaniaSerbia
86%
BelarusLatviaPoland
83%
BeninNigeriaBurkina Faso
81%
TurkmenistanIranUzbekistan
72%

Score Distribution

Percentile by Number Answered

Percent of People with Each Score

Your Score History

You have not taken this quiz